| 000 | 01238naa a22003137a 4500 | ||
|---|---|---|---|
| 001 | BR8106332 | ||
| 003 | BR-BrBNA | ||
| 005 | 20240918174951.0 | ||
| 007 | ta | ||
| 008 | 230509b bl.||||| |||| 00| 0 por d | ||
| 040 |
_aBR-BrBNA _bpor _cBiblioteca Nacional de Agricultura |
||
| 041 | _a(Pt) | ||
| 072 |
_aE15; M10 _b8134 _bG514 |
||
| 090 | _aE15 BR8106332 | ||
| 100 | 1 | _aLira, E.R. | |
| 100 | 1 | _aSilva, A.B. da | |
| 111 | 1 |
_a3. Seminario Nacional de Irrigacao e Drenagem _cFortaleza, CE (Brazil) _d16 Nov 1975 |
|
| 245 | 1 | _aEstudos economicos e biologicos sobre a criacao intensiva do hibrido de Tilapia nilotica e Tilapia hornorum em perimetros irrigados do DNOCS [Departamento Nacional de Obras Contra as Secas, Brasil] | |
| 260 | 3 |
_aFortaleza, CE (Brasil): _c1981. |
|
| 500 | _a2. Coletanea de trabalhos tecnicos. Pesca e piscicultura Fortaleza, CE (Brasil): 1981. p. 307-325 (BR8106332-AM)E15 | ||
| 650 | _aANALISE ECONOMICA | ||
| 650 | _aINVESTIMENTO | ||
| 650 | _aCRIACAO | ||
| 650 | _aTILAPIA | ||
| 650 | _aIRRIGACAO | ||
| 773 | 0 |
_t2. Coletanea de trabalhos tecnicos. Pesca e piscicultura _wE15 BR8106332 _gFortaleza, CE (Brasil), 1981. p. 307-325 |
|
| 909 |
_a202404 _bLucia _c55 _dLucia Elande |
||
| 942 |
_cAM _2AGRIS |
||
| 999 |
_c314400 _d314400 |
||